000 01497nam a2200409 i 4500
001 197457
003 ES-MaACL
005 20250805062634.0
007 ta
008 040604s2004 sp | ||| ||spa
016 7 _abimoBNE20040533708
_2SpMaBN
017 _aM 17463-2004
_bOficina Depósito Legal Madrid
020 _a8477371334
035 _a(OCoLC)55883296
035 _a(SpMaBN)Mimo0002262160
040 _aSpMaBN
_bspa
_cSpMaBN
_erdc
080 _a728.1.034/.036(460.27 M.)
080 _a94(460.27 M.)"17/19"
100 0 _aCorral, José del,
_d1916-2011
_940714
_eaut
245 1 0 _aCasas madrileñas desaparecidas :
_bmisterios, amores e intrigas /
_cJosé del Corral.
260 _aMadrid :
_bSílex,
_c[2004].
300 _a173 p. :
_bplanos ;
_c22 cm.
336 _2rdacontent
_atexto
337 _2rdamedia
_asin mediación
338 _2rdacarrier
_avolumen
490 1 _aBiblioteca de Madrid ;
_v11
650 7 _aViviendas-
_zMadrid
_2embne
_9240813
651 7 _aMadrid-
_xHistoria-
_zS.XVIII
_2
_9143696
651 4 _aMadrid-
_xHistoria-
_yS.XIX
_2embne
_98969
830 0 _9179884
_aBiblioteca de Madrid ;
_v11
852 _aES-MaACL
_cDEPO1
_jA-15550
_hDonación: Fernando Codina Rodríguez
_xEncuadernación rústica con solapas
_9205897
903 _aCodina Rodríguez, Fernando
_ednr
_9238631
942 _n0
_cMONOGRAFIA
999 _c197457
_d197457